000 00715nam a2200289Ia 4500
005 20260324131956.0
008 008 260324s9999 xx 000 0 eng d
020 _a9781003444275
037 _aEBOOK
040 _aCRL
040 _beng
040 _cCRL
041 _2eng
041 _aeng
084 _qCRL
100 _aTim Riordan; James Roth
_91187557
245 0 _aDisciplines as Frameworks for Student Learning
245 0 _bTeaching the Practice of the Disciplines
260 _bTaylor and Francis
260 _c2005
365 _a
365 _b120
856 _uhttp://www.taylorfrancis.com/books/9781003444275
942 _cEBOOK
999 _c1785195
_d1785195